Manual de Procedimiento Penal

Bibliographic Details
Main Author: Silva Montes, Rodrigo
Format: eBook
Language:Spanish
Published: [Chile] : Editorial jurd̕ica de Chile, 2011.
Subjects:
Online Access:Acceso restringido

MARC

LEADER 00000nam a22000007a 4500
005 20111003120633.0
008 111003s2011 cl |||||s|||| 00||0 spa d
020 |a 978-956-10-2103-7  
035 |a 5843 
040 |a vLex 
090 |c 2588  |d 2588 
100 1 |a Silva Montes, Rodrigo 
245 1 0 |a Manual de Procedimiento Penal  |h [Recurso electrn̤ico] /  |c Rodrigo Silva Montes 
256 |a Servicio en ln̕ea. 
260 |a [Chile] :  |b Editorial jurd̕ica de Chile,  |c 2011. 
300 |a 1 recurso electrn̤ico 
506 1 |a Contenido solo disponible en los productos indicados  |d vLex Global  |d vLex Global (Academic Edition, excluding Law Schools)  |d vLex Global (U.S. Academic Edition, Law Schools)  |d vLex Global (U.S. Academic Edition, excluding Law Schools)  |d vLex Global (Academic Edition, Law Schools) 
650 0 4 |a Procedimiento penal  |z Chile 
740 0 |a vLex Libros (Servicio en ln̕ea) 
856 4 0 |u http://vlex.com/source/manual-procedimiento-penal-5843  |z Acceso restringido 
942 |c BOOK